|
|
|
|
| LEADER |
01224nam a22002777a 4500 |
| 001 |
35137 |
| 003 |
BD-DhAAL |
| 005 |
20190808115604.0 |
| 008 |
190808r20152004bg ||||| |||| 00| 0 ben d |
| 999 |
|
|
|c 41018
|d 41018
|
| 020 |
|
|
|a 9840609374
|
| 040 |
|
|
|a BD-DhAAL
|
| 041 |
|
|
|a ben
|
| 082 |
|
|
|a 297.14
|2 23
|
| 245 |
|
|
|a যৌতুক ও ইসলাম /
|c মুহাম্মদ সিরাজুল হক সম্পাদিত
|
| 246 |
|
|
|a Jautuk o islam
|
| 246 |
|
|
|a Dowry and islam
|
| 260 |
|
|
|a ঢাকা :
|b ইসলামিক ফাউন্ডেশন,
|c ২০০৪ [চতুর্থ মুদ্রণ ২০১৫].
|
| 300 |
|
|
|a ১৮৫ পৃষ্ঠা ;
|c ২১ সে.মি.
|
| 526 |
|
|
|a BIGD
|
| 541 |
|
|
|a ইসলামিক ফাউন্ডেশন
|e 35137
|
| 650 |
|
|
|a Dowry (Islamic law).
|9 33466
|
| 700 |
|
|
|a হক, মুহাম্মদ সিরাজুল
|9 33467
|
| 852 |
|
|
|a BRAC Institute of Governance and Developmen
|c General Stacks
|
| 942 |
|
|
|2 ddc
|c BK
|
| 952 |
|
|
|0 0
|1 0
|2 ddc
|4 0
|6 297_140000000000000_JAU
|7 0
|9 66015
|a IGS
|b IGS
|c GEN
|d 2019-08-08
|e ইসলামিক ফাউন্ডেশন
|g 65.00
|l 0
|o 297.14 JAU
|p 3010035137
|r 2019-08-08
|t 1
|v 100.00
|w 2019-08-08
|y BK
|